LEADER 01424nam1 2200409 450 001 990001715920203316 005 20040531180748.0 035 $a000171592 035 $aUSA01000171592 035 $a(ALEPH)000171592USA01 035 $a000171592 100 $a20040531d1974----km-y0itay0103----ba 101 $afre 102 $aCH 105 $aa|||||||001yy 200 1 $aPoésies complètes$etexte définitif avec notes et variantes$fCharles Leconte de Lisle$geaux-fortes de Maurice De Becque 210 $aGenève$cSlatkine$d1974 215 $a4 v. in 2$cill.$d21 cm 300 $aRipr. facs. dell'ed. di parigi 1927-1928 410 0$12001 454 1$12001 461 1$1001-------$12001 463 \1$1001990001715930203316$12001 $a<> : Poèmes antiques 463 \1$1001990001715940203316$12001 $a<> : Poèmes barbares 463 \1$1001990001715960203316$12001 $a<> : Poèmes tragiques$eLes Erinnyes$eL'Apollonide 463 \1$1001990001715980203316$12001 $a<> : Derniers poèmes$eLa Passion$ePieces diverses$eNotes et variantes 676 $a841.8 700 1$aLECONTE DE LISLE,$bCharles$0562463 702 1$aBECQUE,$bMaurice : de 801 0$aIT$bsalbc$gISBD 912 $a990001715920203316 951 $aII F A 1007$bL.M.$cII F 959 $aBK 969 $aUMA 979 $aSIAV7$b10$c20040531$lUSA01$h1807 996 $aPoésies complètes$9947316 997 $aUNISA LEADER 01717oam 2200421 a 450 001 9910701849703321 005 20120731093423.0 035 $a(CKB)5470000002421611 035 $a(OCoLC)802344730 035 $a(EXLCZ)995470000002421611 100 $a20120731d2012 ua 0 101 0 $aeng 135 $aurcn||||||||| 181 $ctxt$2rdacontent 182 $cc$2rdamedia 183 $acr$2rdacarrier 200 00$aAssessment of undiscovered oil and gas resources of the East Coast Mesozoic basins of the Piedmont, Blue Ridge Thrust Belt, Atlantic Coastal Plain and New England provinces, 2011$b[electronic resource] 210 1$a[Reston, Va.?] :$cU.S. Geological Survey,$d[2012] 215 $a1 online resource (2 unnumbered pages) $ccolor map 225 1 $aFact sheet ;$v2012-3075 300 $aTitle from title screen (viewed on July 31, 2012). 300 $a"National Assessment of Oil and Gas." 300 $a"U.S. Department of the Interior, U.S. Geological Survey"--P. [1]. 300 $a"June 2012." 300 $a"East Coast Mesozoic Basin Assessment Team, Robert C. Milici ... [et al.]."--P. [2]. 606 $aPetroleum reserves$zEast (U.S.) 606 $aNatural gas reserves$zEast (U.S.) 615 0$aPetroleum reserves 615 0$aNatural gas reserves 701 $aMilici$b Robert C.$f1931-$01384579 712 02$aGeological Survey (U.S.) 801 0$bGPO 801 1$bGPO 801 2$bGPO 906 $aBOOK 912 $a9910701849703321 996 $aAssessment of undiscovered oil and gas resources of the East Coast Mesozoic basins of the Piedmont, Blue Ridge Thrust Belt, Atlantic Coastal Plain and New England provinces, 2011$93437222 997 $aUNINA